Logo BPK

Biblioteka

Politechniki Koszalińskiej

Nekotorye metody resenija naecvum fiziceski nelinejnych zadac teorii plastin i obolocek / (Rekord nr 13740)

Szczegóły MARC
000 -ETYKIETA REKORDU
podpole kontrolne o stałej długości 00418nam a2200145 i 4500
001 - NUMER KONTROLNY REKORDU
pole kontrolne bg
040 ## - ŹRÓDŁO KATALOGOWANIA
Instytucja, która utworzyła rekord BPK
041 ## - KOD JĘZYKA
Kod języka tekstu pol
008 - POLE O STAŁEJ DŁUGOŚCI - DANE KONTROLNE
podpole kontrolne o stałej długości s pl f |000 0 pol
100 1# - NAZWA OSOBOWA
Nazwa osobowa UGODCIKOV, A. G.
245 #0 - TYTUŁ/ODPOWIEDZIALNOŚĆ
Tytuł Nekotorye metody resenija naecvum fiziceski nelinejnych zadac teorii plastin i obolocek /
Pozostałe elementy strefy tytułu i oznaczenia odpowiedzialności A.G. Ugodcikov, Ju.G. Korotkich.
260 ## - STREFA ADRESU WYDAWNICZEGO
Miejsce wydania Kiev,
Data publikacji, dystrybucji/powstania dokumentu 1971.
700 1# - HASŁO DODATKOWE - NAZWA OSOBOWA
Nazwa osobowa KOROTKICH, Ju. G.
856 ## - LOKALIZACJA I DOSTĘP DO ELEKTRONICZNYCH DOKUMENTÓW ZDALNYCH
Link (URL) http://koha.tu.koszalin.pl/cgi-bin/koha/opac-detail.pl?biblionumber=13740
Tekst linku Katalog online BPK
942 ## - DODATKOWE ELEMENTY (KOHA)
Typ dokumentu Książka
Egzemplarze
Wycofany Status egzemplarza Uszkodzony Dostępność Lokalizacja stała Lokalizacja bieżąca Miejsce przechowywania Sygnatura Kod kreskowy Typ dokumentu
      Dostępny Biblioteka Politechniki Koszalińskiej Biblioteka Politechniki Koszalińskiej Wypożyczalnia BG 11178 01754643 Książka
© 2023 Biblioteka Politechniki Koszalińskiej :: KOHA